000 00578nam a2200181Ia 4500
003 GCL
008 140319s9999 xx 000 0 ara d
040 _aGCL /
_cGCL
082 0 4 _a361.6
_bا خ
100 1 _aالفاروق زكى يونس
245 1 0 _aالخدمة الاجتماعية والتغير الاجتماعى /
_cالفاروق زكى يونس
260 _a[S.N] :
_bعالم الكتب الحديث ،
_c1978
300 _a538 ص
490 _a
650 0 4 _aالخدمة الاجتماعية
650 0 4 _aالتغير الاجتماعى
942 _2ddc
_cBK
999 _c34536
_d34536